000 00293nam a2200109Ia 4500
008 200302s9999 xx 000 0 und d
100 _aChris Grimley and Other
245 _aThe interior design reference+specification book
260 _bRockport Publishers Inc.
260 _c2013
300 _a287
999 _c6499
_d6499